01186cam a2200337Ia 450000100090000000300040000900500170001300600190003000700150004900800410006402000180010503500260012304000290014905000230017805000100020108200150021110000210022621000250024724501230027225000120039526000540040750400510046150600430051265000310055565000150058665500290060170000220063071000170065277300480066985601310071710684527OSt20151014085415.0m d cr n 071122s2008 enka sb 001 0 eng d a9780750648493 a(WaSeSS)ssib017121125 aCaPaEBRcCaPaEBRdWaSeSS 4aTH425b.E65 2008eb 4aTH42504a692/.32211 aEmmitt, Stephen.10aSpecifying buildings10aSpecifying buildingsh[electronic resource] :ba design management perspective /cStephen Emmitt and David T. Yeomans. a2nd ed. aOxford ;aBoston :bButterworth-Heinemann,c2008. aIncludes bibliographical references and index. aLicense restrictions may limit access. 0aBuildingsvSpecifications. 0aBuildings. 7aElectronic books.2local1 aYeomans, David T.2 aebrary, Inc. 0tReferex Civil and Environmental Engineering40uhttp://www.columbia.edu/cgi-bin/cul/resolve?clio10684527zFull text available from Referex Civil and Environmental Engineering